| 000 | 00696nam a22002057i 4500 | ||
|---|---|---|---|
| 999 |
_c23432 _d23432 |
||
| 003 | AR-CdUCM | ||
| 008 | 260105b20222022 pe||||| |||| 00| 0 spa d | ||
| 020 | _a978-612-48936-0-5 | ||
| 040 |
_aMUNICIPALIDAD PROVINCIAL DEL CUSCO _cBIBLIOTECA MUNICIPAL DEL CUSCO |
||
| 041 | _hspa | ||
| 082 |
_aES / 969.56 / _bS12 |
||
| 100 |
_aSabogal, Isabel _951916 |
||
| 245 | _aTodo está hecho a la medida de ti misma / | ||
| 260 |
_aLima : _bGrafos Maquinaciones SAC. _c2022 |
||
| 300 |
_a77 páginas. : _c19x11 cm. |
||
| 505 | _aTengo el fuego tal tormenta -- El invierno -- Este es el país de mis ensueños | ||
| 650 |
_aHecho a la medida _951917 |
||
| 942 |
_2ddc _cLIBROS |
||
| 945 |
_apbjr _d05-01-2026 |
||